000 01081nam a2200301 i 4500
001 177268
003 ES-MaACL
005 20250727035944.0
007 t|
008 110311s1967 fr abdf ||||1| fre d
080 _a913(4-191.2)
080 _a321.74(4-191.2)
100 1 _aBlanc, André.
_929107
245 1 4 _aLes républiques socialistes d'Europe Centrale /
_cpar André Blanc, Pierre George et Henri Smotkine ; avec la collaboration de G. Enyedi et I. Sandru.
250 _a1e éd.
260 _aParis :
_bPresses Universitaires de France,
_c1967.
300 _a298, [8] p. de lám. :
_bil. ;
_c19 cm.
490 1 _aMagellan. La Géographie et ses problèmes ;
_v15
500 _aÍndices.
504 _aBibliografía: p. 281-295.
650 0 4 _aSocialismo-
_zEuropa
_917158
651 4 _aEuropa central-
_xGeografía.
_912611
700 1 _aGeorge, Pierre.
_956386
700 1 _aSmotkine, Henri.
_9145574
830 0 _aMagellan. La Géographie et ses problèmes ;
_v15
_9182333
852 _aES-MaACL
_jE-14670
_xOlim P-507
999 _c177268
_d177268